00668nam a2200205 a 4500001001000000003000900010005001700019007000300036008004100039040002500080082002200105100003900127245005600166260003800222300002700260500008300287650002400370650002700394700004100421000012211DO-SdBNP20240412074230.0ta091106s1995 dr a r 001 0 spa d aDO-SdBNPbspacBNPHU 4222a861.44bC577a1 aCiprián Ogando, Cornelio,d1959-10aAmalgama a media tinta /cCornelio Ciprián Ogando aSanto Domingo :bNordeste,c1995. a53 p. :bil. ;c21 cm. aIncluye datos biográficos del autor en la solapa del la portada del libros.  0aPoesía dominicana 0aLiteratura dominicana.1 aJiménez, Luigiedibujos interiores